00502nam a2200145 a 450000500170000000800410001702000180005805000170007610000210009324500470011426000350016144000220019652001170021865000210033520140412111414.0070705s19uu xx 00 eng d a0-590-15527-3 aERbSw7 1992 aMaccarone, Grace aThe sword in the stone /cGrace Maccarone. aNew York :bScholastic,c2003. aScholastic reader aDespite the boasting of grown men, only young arthur is able to draw a sword from a stone, thereby becoming king aFolklore-England